| 000 | 00918nam a22002897a 4500 | ||
|---|---|---|---|
| 003 | CHAP | ||
| 005 | 20220329135222.0 | ||
| 008 | 971013s1983 r 00010 d | ||
| 010 | _a32826 | ||
| 011 | _a33798 | ||
| 035 | _a37914 | ||
| 040 | _cCHAP | ||
| 090 | _aFolleto 9146 | ||
| 100 | 0 | 0 |
_aLópez O., R. _968169 |
| 245 | _aFactores fisiológicos y ambientales que afectan la producción de leche | ||
| 260 |
_aChapingo, Méx. : _bUACH. Departamento de Zootecnia, _c1983 |
||
| 300 | _a2 h. | ||
| 590 |
_aBATCH-UPD _b10 _c20130110 _lUCH01 _h1959 |
||
| 590 |
_aBATCH-UPD _b10 _c20130410 _lUCH01 _h1319 |
||
| 590 |
_aBATCH-UPD _b10 _c20130914 _lUCH01 _h1516 |
||
| 590 |
_aCONVERSION _b10 _c20130109 _lUCH01 _h1318 |
||
| 650 | 1 | 4 |
_aGanado lechero _xEfecto del medio ambiente. _945258 |
| 650 | 1 | 4 |
_aLeche _xProducción. _965400 |
| 901 | _aBK | ||
| 942 | _cFOLL | ||
| 949 |
_aFolleto 9146 _bBC _cFOLL _d-86877 _eTS1 _i37914 _mD _si |
||
| 999 |
_c32826 _d32826 |
||